Daňové priznanie k dani z príjmov právnických osôb za rok 1997 s príkladom a stručným komentárom k jednotlivým riadkom priznania
Stručný komentár k jednotlivým novelám zákona č. 286/1992 Zb. platných a prijatých v roku 1997. Všeobecný základný systém výpočtu dane z príjmov právnických osôb. Priznanie k dani z príjmov právnických osôb, vrátane komentárov k jednotlivým riadkom. Praktické príklady pre výpočet dane z príjmov.
Guardado en:
| Autor principal: | |
|---|---|
| Formato: | Libro |
| Lenguaje: | eslovaco |
| Materias: | |
| Etiquetas: |
Sin Etiquetas, Sea el primero en etiquetar este registro!
|
MARC
| LEADER | 00000nam a2200000 4500 | ||
|---|---|---|---|
| 001 | r031602 | ||
| 005 | 20230919113636.6 | ||
| 041 | 0 | |a slo | |
| 044 | |a SK | ||
| 245 | 1 | 0 | |a Daňové priznanie k dani z príjmov právnických osôb za rok 1997 s príkladom a stručným komentárom k jednotlivým riadkom priznania |c Ján Pohlod |
| 520 | |a Stručný komentár k jednotlivým novelám zákona č. 286/1992 Zb. platných a prijatých v roku 1997. Všeobecný základný systém výpočtu dane z príjmov právnických osôb. Priznanie k dani z príjmov právnických osôb, vrátane komentárov k jednotlivým riadkom. Praktické príklady pre výpočet dane z príjmov. | ||
| 610 | 2 | 0 | |a komentáre |
| 610 | 2 | 0 | |a dane z príjmov |
| 610 | 2 | 0 | |a zákony |
| 610 | 2 | 0 | |a osoby právnické |
| 610 | 2 | 0 | |a priznania daňové |
| 610 | 2 | 0 | |a novelizácia |
| 610 | 2 | 0 | |a daňovníci |
| 610 | 2 | 0 | |a výnosy |
| 610 | 2 | 0 | |a náklady |
| 610 | 2 | 0 | |a zisk podnikateľský |
| 610 | 2 | 0 | |a Slovensko |
| 610 | 2 | 0 | |a 1997 |
| 100 | 1 | |a Pohlod, Ján | |